[Event "Lund CellaVision Cup"]
[Site "Lund"]
[Date "2017.08.04"]
[Round "1"]
[White "Almer, Julia"]
[Black "Brunello, Sabino"]
[Result "0-1"]
[WhiteElo "1972"]
[BlackElo "2566"]
[PlyCount "70"]
[EventDate "2017.08.04"]
[EventType "swiss"]
[EventRounds "8"]
[EventCountry "SWE"]
[SourceTitle "CBM 180 Extra"]
[Source "ChessBase"]
[SourceDate "2017.10.06"]
[SourceVersion "1"]
[SourceVersionDate "2017.10.06"]
[SourceQuality "1"]

1. e4 c5 2. Nf3 e6 3. d4 cxd4 4. Nxd4 Nc6 5. Nc3 Qc7 6. Be2 Nf6 7. 0-0 a6 8. a4 d6 9. Kh1 Be7 10. f4 0-0 11. Be3 Bd7 12. Nb3 b6 13. Qe1 Nb4 14. Rc1 Bc6 15. Bf3 Rfc8 16. Qf2 b5 17. a5 Qb7 18. Rfe1 d5 19. exd5 Nfxd5 20. Nxd5 Bxd5 21. Bxd5 Qxd5 22. Red1 Qh5 23. c3 Nd5 24. Bd4 Bd6 25. g3 Rc7 26. Rf1 Ne7 27. Qf3 Qxf3+ 28. Rxf3 h5 29. Rd1 Nd5 30. Rfd3 g6 31. Nd2 Rac8 32. Ne4 Be7 33. Be5 Rc6 34. Kg2 Rc4 35. Ra1 Rxe4 0-1

[Event "Copenhagen Bronshoj-ch"]
[Site "Copenhagen"]
[Date "2014.04.15"]
[Round "5"]
[White "Nielsen, John Holm"]
[Black "Almer, Julia"]
[Result "1-0"]
[WhiteElo "2025"]
[BlackElo "1966"]
[PlyCount "69"]
[EventDate "2014.03.06"]
[EventType "tourn"]
[EventRounds "9"]
[EventCountry "DEN"]
[SourceTitle "EXT 2016"]
[Source "ChessBase"]
[SourceDate "2015.10.08"]
[SourceVersion "1"]
[SourceVersionDate "2015.10.08"]
[SourceQuality "1"]

1. Nc3 d5 2. e4 e6 3. g3 dxe4 4. Nxe4 Nf6 5. Bg2 Nxe4 6. Bxe4 e5 7. Ne2 Bc5 8. 0-0 0-0 9. c3 Re8 10. b4 Bb6 11. Qc2 g6 12. Bb2 c6 13. d4 Qe7 14. dxe5 Qxe5 15. c4 Qe7 16. Qc3 f6 17. Bg2 Bg4 18. Nf4 Nd7 19. h3 Bf5 20. Rae1 Qf7 21. g4 Be6 22. Nxe6 Rxe6 23. Rxe6 Qxe6 24. Re1 Qf7 25. c5 Bc7 26. Bf1 Kg7 27. Bc4 Qf8 28. Qe3 Ne5 29. Bb3 a5 30. a3 axb4 31. axb4 Rd8 32. g5 Rd3 33. gxf6+ Kh8 34. Qxd3 Nxd3 35. Re8 1-0

[Event "Copenhagen Bronshoj Sensommer op"]
[Site "Copenhagen"]
[Date "2013.08.29"]
[Round "3"]
[White "Almer, Julia"]
[Black "Nielsen, Viktor Haarmark"]
[Result "0-1"]
[WhiteElo "1957"]
[BlackElo "1884"]
[PlyCount "70"]
[EventDate "2013.08.15"]
[EventType "swiss"]
[EventRounds "7"]
[EventCountry "DEN"]
[SourceTitle "EXT 2016"]
[Source "ChessBase"]
[SourceDate "2015.10.08"]
[SourceVersion "1"]
[SourceVersionDate "2015.10.08"]
[SourceQuality "1"]

1. e4 e5 2. Nf3 Nc6 3. Bb5 a6 4. Ba4 Nf6 5. 0-0 Be7 6. Re1 b5 7. Bb3 d6 8. c3 0-0 9. h3 Na5 10. Bc2 d5 11. exd5 e4 12. Ng5 Nxd5 13. Nxe4 f5 14. c4 Nxc4 15. Nec3 Nb4 16. d3 Nxc2 17. Qxc2 Nb6 18. Bf4 Bd6 19. Be5 Bxe5 20. Rxe5 Qd6 21. Qe2 Bb7 22. Re6 Qd7 23. Re7 Qc6 24. f3 Rae8 25. Qe5 Rxe7 26. Qxe7 Re8 27. Qh4 Qd6 28. d4 b4 29. Nd1 Re2 30. a3 Bxf3 31. Ne3 Rxe3 32. gxf3 Re2 33. Kf1 Qh2 34. Qd8+ Kf7 35. axb4 Qf2# 0-1

[Event "Copenhagen Bronshoj Sensommer op"]
[Site "Copenhagen"]
[Date "2013.08.15"]
[Round "1"]
[White "Nielsen, John Holm"]
[Black "Almer, Julia"]
[Result "1/2-1/2"]
[WhiteElo "2010"]
[BlackElo "1957"]
[PlyCount "76"]
[EventDate "2013.08.15"]
[EventType "swiss"]
[EventRounds "7"]
[EventCountry "DEN"]
[SourceTitle "EXT 2016"]
[Source "ChessBase"]
[SourceDate "2015.10.08"]
[SourceVersion "1"]
[SourceVersionDate "2015.10.08"]
[SourceQuality "1"]

1. e4 e5 2. Nf3 Nc6 3. Bb5 a6 4. Ba4 Nf6 5. 0-0 Be7 6. Re1 b5 7. Bb3 d6 8. c3 0-0 9. h3 Nb8 10. d4 Nbd7 11. Nbd2 Bb7 12. Bc2 Re8 13. Nf1 Bf8 14. Ng3 g6 15. a4 Bg7 16. Bd3 c6 17. Bg5 h6 18. Be3 Nb6 19. axb5 cxb5 20. d5 Rc8 21. Qd2 Kh7 22. Qe2 Nbxd5 23. exd5 e4 24. Nxe4 Nxe4 25. h4 Nc5 26. h5 Bxd5 27. Red1 Nxd3 28. Qxd3 Bxf3 29. gxf3 Qf6 30. hxg6+ fxg6 31. Rxa6 Qxf3 32. Rxd6 Qg4+ 33. Kf1 Re5 34. Ke1 Rce8 35. Kd2 R8e6 36. Rd7 Re7 37. Rd6 R7e6 38. Rd7 Re7 1/2-1/2

[Event "EU-Cup (Women) 15th"]
[Site "Plovdiv"]
[Date "2010.10.21"]
[Round "5.4"]
[White "Di Primio, Eugenia"]
[Black "Almer, Julia"]
[Result "0-1"]
[WhiteElo "1984"]
[BlackElo "1908"]
[PlyCount "74"]
[EventDate "2010.10.17"]
[EventType "team-swiss"]
[EventRounds "7"]
[EventCountry "BUL"]
[SourceTitle "CBM 138 Extra"]
[Source "ChessBase"]
[SourceDate "2010.10.29"]
[SourceVersion "1"]
[SourceVersionDate "2010.10.29"]
[SourceQuality "1"]
[WhiteTeam "Chieti Fischer (W)"]
[BlackTeam "Oslo Schakselskap (W)"]
[WhiteTeamCountry "ITA"]
[BlackTeamCountry "NOR"]

1. e4 e5 2. Nf3 Nc6 3. Bc4 Nf6 4. d3 Bc5 5. c3 a6 6. Nbd2 d6 7. 0-0 0-0 8. Re1 Ba7 9. Bb3 Na5 10. Bc2 Nc6 11. Nf1 Ng4 12. Ne3 f5 13. d4 f4 14. Bb3+ Kh8 15. Nd5 Nf6 16. h3 h6 17. Qd3 g5 18. Nxf6 Qxf6 19. dxe5 Nxe5 20. Nxe5 dxe5 21. Qf3 g4 22. hxg4 Qg5 23. Bd1 Rg8 24. Qh3 Kh7 25. Qh5 Bxg4 26. Bxg4 Qxg4 27. Qf5+ Rg6 28. Qxg4 Rxg4 29. Rd1 Rag8 30. Rd7+ Kh8 31. Rxc7 Rxg2+ 32. Kh1 Rxf2 33. Rxb7 Rf1+ 34. Kh2 Bg1+ 35. Kh3 Be3 36. Bxe3 Rxa1 37. Bc5 Rh1# 0-1

[Event "EU-Cup (Women) 15th"]
[Site "Plovdiv"]
[Date "2010.10.17"]
[Round "1.4"]
[White "Almer, Julia"]
[Black "Drljevic, Ljilja"]
[Result "0-1"]
[WhiteElo "1908"]
[BlackElo "2273"]
[PlyCount "58"]
[EventDate "2010.10.17"]
[EventType "team-swiss"]
[EventRounds "7"]
[EventCountry "BUL"]
[SourceTitle "CBM 138 Extra"]
[Source "ChessBase"]
[SourceDate "2010.10.29"]
[SourceVersion "1"]
[SourceVersionDate "2010.10.29"]
[SourceQuality "1"]
[WhiteTeam "Oslo Schakselskap (W)"]
[BlackTeam "Belgrade BAS (W)"]
[WhiteTeamCountry "NOR"]
[BlackTeamCountry "YUG"]

1. e4 d6 2. d4 Nf6 3. Nc3 g6 4. Nf3 Bg7 5. Be2 0-0 6. 0-0 c6 7. a4 Nbd7 8. h3 e5 9. dxe5 dxe5 10. Qd6 h6 11. Rd1 Ne8 12. Qd3 Qf6 13. Be3 a5 14. Nd2 Nc7 15. Nc4 Ne6 16. Nd6 Nd4 17. Nxc8 Rfxc8 18. Bg4 Rd8 19. Qd2 Nc5 20. Qc1 Kh7 21. b3 Qe7 22. Rd2 h5 23. Be2 Rd7 24. Qe1 Rad8 25. Rad1 Nce6 26. Bc4 Nf4 27. Bxf4 exf4 28. f3 Nxf3+ 29. gxf3 Rxd2 0-1

[Event "Reykjavik op 23rd"]
[Site "Reykjavik"]
[Date "2008.03.10"]
[Round "8"]
[White "Magnusson, Bjarni"]
[Black "Almer, Julia"]
[Result "1/2-1/2"]
[WhiteElo "1913"]
[BlackElo "1914"]
[PlyCount "90"]
[EventDate "2008.03.03"]
[EventType "swiss"]
[EventRounds "9"]
[EventCountry "ISL"]
[SourceTitle "CBM 123 Extra"]
[Source "ChessBase"]
[SourceDate "2008.05.06"]
[SourceVersion "1"]
[SourceVersionDate "2008.05.06"]
[SourceQuality "1"]

1. d4 e6 2. c4 f5 3. Nc3 Nf6 4. Nf3 d5 5. e3 c6 6. Bd3 Bd6 7. c5 Be7 8. 0-0 b6 9. b4 a5 10. Ba3 axb4 11. Bxb4 Na6 12. Bxa6 Bxa6 13. Re1 bxc5 14. Bxc5 Bxc5 15. dxc5 0-0 16. Ne5 Qc7 17. Qd4 Nd7 18. Nxd7 Qxd7 19. Na4 Qe7 20. Nb6 Ra7 21. f4 Re8 22. Kf2 Qh4+ 23. Kg1 Qe7 24. g3 e5 25. fxe5 Qxe5 26. Qxe5 Rxe5 27. Kf2 Bc4 28. a4 Ra5 29. Rec1 Re4 30. Nd7 Re7 31. Nb6 Rxc5 32. a5 Ra7 33. a6 Rb5 34. Nc8 Rb2+ 35. Kg1 Rxa6 36. Rxa6 Bxa6 37. Ne7+ Kf7 38. Nxc6 Kf6 39. Nd4 Bc4 40. Rc2 Rb1+ 41. Kf2 Rh1 42. Kg2 Re1 43. Kf2 Rb1 44. h4 h6 45. Nf3 g5 1/2-1/2

[Event "Reykjavik op 23rd"]
[Site "Reykjavik"]
[Date "2008.03.09"]
[Round "7"]
[White "Almer, Julia"]
[Black "Vigfusson, Vigfus Odon"]
[Result "0-1"]
[WhiteElo "1914"]
[BlackElo "2052"]
[PlyCount "68"]
[EventDate "2008.03.03"]
[EventType "swiss"]
[EventRounds "9"]
[EventCountry "ISL"]
[SourceTitle "CBM 123 Extra"]
[Source "ChessBase"]
[SourceDate "2008.05.06"]
[SourceVersion "1"]
[SourceVersionDate "2008.05.06"]
[SourceQuality "1"]

1. e4 e5 2. Nf3 Nf6 3. Nxe5 d6 4. Nf3 Nxe4 5. d4 d5 6. Bd3 Be7 7. 0-0 Nc6 8. Re1 Bg4 9. c3 f5 10. Nbd2 0-0 11. Qb3 Kh8 12. Qxb7 Bh4 13. g3 Nxd2 14. Nxh4 Na5 15. Qa6 Nac4 16. b3 Re8 17. Bxd2 Nxd2 18. Qc6 Rf8 19. Be2 Rf6 20. Qb5 g5 21. Ng2 Nf3+ 22. Bxf3 Bxf3 23. Re3 Be4 24. f3 f4 25. Rxe4 dxe4 26. fxe4 fxg3 27. hxg3 Re6 28. Qf5 Qe7 29. e5 Rf8 30. Qg4 Qf7 31. Qe2 Qf3 32. Qe1 Qh5 33. d5 Rh6 34. Nh4 gxh4 0-1

[Event "Reykjavik op 23rd"]
[Site "Reykjavik"]
[Date "2008.03.07"]
[Round "5"]
[White "Almer, Julia"]
[Black "Finnlaugsson, Gunnar"]
[Result "0-1"]
[WhiteElo "1914"]
[BlackElo "2128"]
[PlyCount "104"]
[EventDate "2008.03.03"]
[EventType "swiss"]
[EventRounds "9"]
[EventCountry "ISL"]
[SourceTitle "CBM 123 Extra"]
[Source "ChessBase"]
[SourceDate "2008.05.06"]
[SourceVersion "1"]
[SourceVersionDate "2008.05.06"]
[SourceQuality "1"]

1. e4 c5 2. Nf3 e6 3. d4 cxd4 4. Nxd4 Nf6 5. Nc3 Nc6 6. Be2 Bb4 7. Nxc6 bxc6 8. e5 Nd5 9. Bd2 Nxc3 10. Bxc3 Bxc3+ 11. bxc3 Qg5 12. Qd4 Qxg2 13. 0-0-0 Qg5+ 14. Kb1 Qe7 15. Ka1 0-0 16. Rhg1 f6 17. f4 fxe5 18. fxe5 a5 19. Rg3 Kh8 20. h4 a4 21. Rdg1 Rg8 22. h5 Ba6 23. c4 Raf8 24. Bd3 a3 25. c5 Bxd3 26. Rxd3 Ra8 27. h6 g6 28. Rf1 Qg5 29. Rdf3 Qxh6 30. Qxd7 Qg7 31. Qxe6 Rae8 32. Qf6 Rxe5 33. Qxg7+ Rxg7 34. Rxa3 Rxc5 35. Rf8+ Rg8 36. Rf2 h5 37. Ra7 Rg7 38. Ra8+ Kh7 39. a4 Rb7 40. a5 Rc4 41. c3 Rxc3 42. Ka2 Rc5 43. Ka3 g5 44. Ka4 Rc1 45. Ra2 Rc4+ 46. Ka3 Rbb4 47. Rg2 Ra4+ 48. Kb3 Rcb4+ 49. Kc3 Rb5 50. a6 Rba5 51. a7 h4 52. Rc8 Rc5+ 0-1

[Event "Reykjavik op 23rd"]
[Site "Reykjavik"]
[Date "2008.03.03"]
[Round "1"]
[White "Almer, Julia"]
[Black "Robson, Ray"]
[Result "0-1"]
[WhiteElo "1914"]
[BlackElo "2389"]
[PlyCount "70"]
[EventDate "2008.03.03"]
[EventType "swiss"]
[EventRounds "9"]
[EventCountry "ISL"]
[SourceTitle "CBM 123 Extra"]
[Source "ChessBase"]
[SourceDate "2008.05.06"]
[SourceVersion "1"]
[SourceVersionDate "2008.05.06"]
[SourceQuality "1"]

1. e4 c5 2. Nf3 d6 3. d4 cxd4 4. Nxd4 Nf6 5. Nc3 Nc6 6. Be2 e6 7. Be3 Be7 8. 0-0 0-0 9. f4 a6 10. a4 Qc7 11. Kh1 Re8 12. Qe1 Nxd4 13. Bxd4 e5 14. Be3 exf4 15. Bxf4 Be6 16. Qg3 Nd7 17. h4 Ne5 18. h5 Kh8 19. Rad1 h6 20. Rd2 Qb6 21. b3 Rac8 22. Nd5 Bxd5 23. exd5 Qb4 24. Bd1 Rc3 25. Qf2 Bf6 26. Rd4 Ng4 27. Rxb4 Nxf2+ 28. Rxf2 Re1+ 29. Kh2 Rxd1 30. Rxb7 Rxd5 31. g4 Kg8 32. Rd7 Bh4 33. Re2 Rd4 34. Bc1 Rxg4 35. Bb2 Rf3 0-1

[Event "Liverpool op"]
[Site "Liverpool"]
[Date "2007.09.08"]
[Round "8"]
[White "Armstrong, Malcolm J"]
[Black "Almer, Julia"]
[Result "1/2-1/2"]
[WhiteElo "2126"]
[BlackElo "1932"]
[PlyCount "83"]
[EventDate "2007.09.03"]
[EventType "swiss"]
[EventRounds "9"]
[EventCountry "ENG"]
[SourceTitle "CBM 120 Extra"]
[Source "ChessBase"]
[SourceDate "2007.11.01"]
[SourceVersion "1"]
[SourceVersionDate "2007.11.01"]
[SourceQuality "1"]

1. d4 e6 2. Nf3 f5 3. c3 Nf6 4. Bg5 d5 5. e3 Bd6 6. Be2 0-0 7. 0-0 Nbd7 8. c4 c6 9. Nc3 Qe8 10. Bf4 Bxf4 11. exf4 Ne4 12. Rc1 Ndf6 13. cxd5 exd5 14. Ne5 Be6 15. Re1 Nd7 16. b4 Nxe5 17. dxe5 Qe7 18. Qd4 a5 19. a3 axb4 20. axb4 Nxc3 21. Rxc3 Ra2 22. b5 Rfa8 23. g3 R8a4 24. Qc5 Qxc5 25. Rxc5 Ra5 26. Rcc1 Bd7 27. Bd3 Rd2 28. e6 Bxe6 29. Rxe6 Rxd3 30. bxc6 bxc6 31. Rcxc6 Ra7 32. h4 Rd1+ 33. Kg2 Rd2 34. Re5 g6 35. h5 Kg7 36. hxg6 hxg6 37. Ree6 Raa2 38. Rxg6+ Kh7 39. Rge6 Rxf2+ 40. Kg1 Rg2+ 41. Kf1 Rxg3 42. Rc7+ 1/2-1/2

[Event "Liverpool op"]
[Site "Liverpool"]
[Date "2007.09.07"]
[Round "7"]
[White "Almer, Julia"]
[Black "Atako, Chino"]
[Result "1/2-1/2"]
[WhiteElo "1932"]
[BlackElo "2181"]
[PlyCount "126"]
[EventDate "2007.09.03"]
[EventType "swiss"]
[EventRounds "9"]
[EventCountry "ENG"]
[SourceTitle "CBM 120 Extra"]
[Source "ChessBase"]
[SourceDate "2007.11.01"]
[SourceVersion "1"]
[SourceVersionDate "2007.11.01"]
[SourceQuality "1"]

1. e4 c5 2. Nf3 Nc6 3. d4 cxd4 4. Nxd4 g6 5. c4 Nf6 6. Nc3 Nxd4 7. Qxd4 d6 8. Be2 Bg7 9. Be3 0-0 10. Qd2 Qa5 11. Rc1 Be6 12. 0-0 Rfc8 13. b3 a6 14. f3 b5 15. Nd5 Qxd2 16. Bxd2 Nxd5 17. cxd5 Bd4+ 18. Kh1 Bd7 19. Rfd1 Bb2 20. Rb1 Bc3 21. Be3 Bb4 22. Bd3 Rc7 23. Rbc1 Rac8 24. Rxc7 Rxc7 25. Rc1 Rxc1+ 26. Bxc1 Bc5 27. g3 Bh3 28. Be2 e5 29. f4 f6 30. Bf3 Kf7 31. Bg2 Bg4 32. h3 Be2 33. Kh2 Ke7 34. g4 b4 35. Kg3 Bd3 36. Kf3 Bb1 37. Bf1 a5 38. g5 fxg5 39. fxe5 dxe5 40. Bxg5+ Kd6 41. Bh6 Ke7 42. Bg5+ Kd6 43. Bh6 Kc7 44. Bg7 Bd4 45. Bf8 Bxa2 46. Bb5 Bxb3 47. d6+ Kb8 48. d7 Bd1+ 49. Kg3 Bb6 50. Be7 b3 51. d8Q+ Bxd8 52. Bxd8 a4 53. Be7 b2 54. Bd3 Be2 55. Bb1 Kc7 56. Ba3 Bc4 57. Bxb2 Kd6 58. Kg4 Kc6 59. Kf3 h6 60. Kg4 Be2+ 61. Kg3 Bb5 62. Kg4 Be2+ 63. Kg3 Bb5 1/2-1/2

[Event "Liverpool op"]
[Site "Liverpool"]
[Date "2007.09.04"]
[Round "3"]
[White "Almer, Julia"]
[Black "Wu, Li"]
[Result "0-1"]
[WhiteElo "1932"]
[BlackElo "2314"]
[PlyCount "116"]
[EventDate "2007.09.03"]
[EventType "swiss"]
[EventRounds "9"]
[EventCountry "ENG"]
[SourceTitle "CBM 120 Extra"]
[Source "ChessBase"]
[SourceDate "2007.11.01"]
[SourceVersion "1"]
[SourceVersionDate "2007.11.01"]
[SourceQuality "1"]

1. e4 c5 2. Nf3 d6 3. d4 cxd4 4. Nxd4 Nf6 5. Nc3 g6 6. Be3 Bg7 7. f3 a6 8. a4 0-0 9. Be2 Nc6 10. Nb3 Be6 11. 0-0 Rc8 12. f4 Na5 13. Nd2 d5 14. exd5 Nxd5 15. Nxd5 Bxd5 16. c3 Qc7 17. Bf3 Rfd8 18. Qe2 Bxf3 19. Nxf3 Nc4 20. Bd4 Rd5 21. Rae1 e6 22. Kh1 Bxd4 23. Nxd4 Nd6 24. Rf3 Qc4 25. Qxc4 Rxc4 26. b3 Rc7 27. g3 Nf5 28. Nxf5 gxf5 29. Re2 Rd1+ 30. Kg2 Rc1 31. c4 Rd7 32. Rf1 Rxf1 33. Kxf1 Rd1+ 34. Kf2 Rb1 35. Re3 Rb2+ 36. Kg1 Kf8 37. h3 h5 38. Kf1 Ke7 39. Ke1 Kd6 40. Kd1 Kc5 41. Kc1 Rh2 42. h4 Kd4 43. Rf3 Rg2 44. Kd1 a5 45. Kc1 f6 46. Kd1 Ke4 47. Rc3 e5 48. c5 Kd4 49. Rc4+ Kd5 50. Rc3 e4 51. Ke1 Rb2 52. Kf1 Kd4 53. Rc4+ Kd3 54. c6 bxc6 55. Rxc6 e3 56. Re6 Rb1+ 57. Kg2 e2 58. Kf2 Rf1+ 0-1

[Event "Politiken Cup 28th"]
[Site "Copenhagen"]
[Date "2006.07.30"]
[Round "9"]
[White "Almer, Julia"]
[Black "De Boer, Albert"]
[Result "1/2-1/2"]
[WhiteElo "1900"]
[BlackElo "2180"]
[PlyCount "55"]
[EventDate "2006.07.22"]
[EventType "swiss"]
[EventRounds "9"]
[EventCountry "DEN"]
[SourceTitle "CBM 113 Extra"]
[Source "ChessBase"]
[SourceDate "2006.09.14"]
[SourceVersion "1"]
[SourceVersionDate "2006.09.14"]
[SourceQuality "1"]

1. e4 e6 2. d4 d5 3. Nd2 Nf6 4. e5 Nfd7 5. Bd3 c5 6. c3 Nc6 7. Ne2 cxd4 8. cxd4 f6 9. exf6 Nxf6 10. 0-0 Bd6 11. Nf3 Qc7 12. Bg5 0-0 13. Bh4 e5 14. dxe5 Nxe5 15. Nxe5 Bxe5 16. Bg3 Bd7 17. Rc1 Qd6 18. Qd2 Bc6 19. Qg5 Bxg3 20. Nxg3 Ne4 21. Bxe4 dxe4 22. Nf5 Qd7 23. Ne7+ Kh8 24. Nxc6 bxc6 25. Rc3 Rad8 26. Qe3 Qd2 27. Qxa7 Qxb2 28. Rxc6 1/2-1/2

[Event "Gibraltar Masters"]
[Site "Gibraltar"]
[Date "2006.01.30"]
[Round "7"]
[White "Almer, Julia"]
[Black "Matto, Manuel"]
[Result "1-0"]
[WhiteElo "1848"]
[BlackElo "1954"]
[PlyCount "163"]
[EventDate "2006.01.24"]
[EventType "swiss"]
[EventRounds "10"]
[EventCountry "ENG"]
[SourceTitle "CBM 110 Extra"]
[Source "ChessBase"]
[SourceDate "2006.03.10"]
[SourceVersion "2"]
[SourceVersionDate "2006.03.10"]
[SourceQuality "1"]

1. e4 e6 2. d4 Be7 3. Nf3 b6 4. Nc3 c6 5. Bd3 h6 6. 0-0 Nf6 7. a4 Na6 8. e5 Nh7 9. Bxh7 Rxh7 10. Ne4 d5 11. exd6 Bxd6 12. Nxd6+ Qxd6 13. Ne5 Bb7 14. Qd3 g6 15. Be3 0-0-0 16. a5 Nb4 17. Qb3 b5 18. c4 bxc4 19. Nxc4 Qe7 20. Rfc1 Nd5 21. Ne5 Rd6 22. Qa4 Qe8 23. b4 f6 24. Nc4 Rd8 25. Qa3 Kb8 26. a6 Bc8 27. Na5 Rd6 28. Nc4 Rd8 29. Qa4 Rc7 30. Rab1 Ka8 31. Qa5 Rdd7 32. b5 cxb5 33. Qxb5 Bxa6 34. Qxa6 Qc8 35. Qxc8+ Rxc8 36. Kf1 Rdc7 37. Nb6+ axb6 38. Rxc7 Rxc7 39. Bxh6 g5 40. Bf8 Rc4 41. Rd1 Kb7 42. Ke1 Kc6 43. h3 b5 44. g3 b4 45. h4 gxh4 46. gxh4 Nf4 47. Be7 Ng2+ 48. Ke2 Nxh4 49. Bxf6 Nf5 50. Kd3 Kd5 51. Re1 Rc3+ 52. Kd2 Rc6 53. Kd3 b3 54. Re5+ Kd6 55. Rb5 Rc2 56. f4 Rh2 57. Kc3 Ng3 58. Kxb3 Ne2 59. Be5+ Kc6 60. Rc5+ Kb6 61. Rc2 Rh3+ 62. Kc4 Ng1 63. Rg2 Nf3 64. Rg6 Nd2+ 65. Kb4 Rb3+ 66. Ka4 Rb1 67. Rxe6+ Kb7 68. d5 Nc4 69. Re7+ Ka6 70. Bd4 Nb6+ 71. Bxb6 Kxb6 72. f5 Kc5 73. Rd7 Kc4 74. Ka5 Rf1 75. Kb6 Rxf5 76. Kc6 Rg5 77. Rd8 Rg6+ 78. d6 Kd4 79. Re8 Rh6 80. Kc7 Rh5 81. d7 Rc5+ 82. Kb6 1-0

[Event "Gibraltar Challengers-A"]
[Site "Gibraltar"]
[Date "2006.01.26"]
[Round "3"]
[White "Almer, Julia"]
[Black "Diaz Montenegro, Ignacio"]
[Result "1-0"]
[WhiteElo "1848"]
[BlackElo "2046"]
[PlyCount "73"]
[EventDate "2006.01.24"]
[EventType "swiss"]
[EventRounds "5"]
[EventCountry "ENG"]
[SourceTitle "EXT 2007"]
[Source "ChessBase"]
[SourceDate "2006.11.23"]
[SourceVersion "1"]
[SourceVersionDate "2006.11.23"]
[SourceQuality "1"]

1. e4 c6 2. d4 d5 3. Nc3 dxe4 4. Nxe4 Bf5 5. Ng3 Bg6 6. h4 h6 7. Nf3 Nd7 8. h5 Bh7 9. Bd3 Bxd3 10. Qxd3 Qc7 11. Bd2 e6 12. 0-0-0 Ngf6 13. Rhe1 0-0-0 14. Qe2 Be7 15. Kb1 Qb6 16. c4 Bb4 17. Bxb4 Qxb4 18. Rc1 c5 19. Red1 cxd4 20. Nxd4 Nc5 21. Nb5 Rxd1 22. Rxd1 Rd8 23. Nxa7+ Kb8 24. Nc6+ bxc6 25. Rxd8+ Kc7 26. Rd1 Nfd7 27. Ne4 Na4 28. Qd2 Qxd2 29. Rxd2 Ne5 30. b3 Nb6 31. Nd6 g6 32. a4 g5 33. a5 Na8 34. b4 Kb8 35. b5 cxb5 36. cxb5 Nc7 37. Rc2 1-0

[Event "Wch U20 Girls"]
[Site "Istanbul"]
[Date "2005.11.20"]
[Round "11"]
[White "Almer, Julia"]
[Black "Bensdorp, Laura"]
[Result "0-1"]
[WhiteElo "1943"]
[BlackElo "2090"]
[PlyCount "49"]
[EventDate "2005.11.09"]
[EventType "swiss"]
[EventRounds "13"]
[EventCountry "TUR"]
[SourceTitle "CBM 109 Extra"]
[Source "ChessBase"]
[SourceDate "2006.01.03"]
[SourceVersion "2"]
[SourceVersionDate "2006.01.03"]
[SourceQuality "1"]

1. e4 c5 2. Nf3 d6 3. d4 cxd4 4. Nxd4 Nf6 5. Nc3 Nc6 6. Be2 e5 7. Nb3 Be7 8. 0-0 0-0 9. Be3 a5 10. Nd2 Be6 11. Nc4 b5 12. Nb6 Rb8 13. Nbd5 b4 14. Nxf6+ Bxf6 15. Nd5 Bxd5 16. Qxd5 Nd4 17. Bxd4 exd4 18. Bd3 Qb6 19. Qf5 Be7 20. f4 g6 21. Qg4 Rbc8 22. f5 Kg7 23. Rf3 Bf6 24. Raf1 g5 25. Qh5 0-1

[Event "Wch U20 Girls"]
[Site "Istanbul"]
[Date "2005.11.14"]
[Round "6"]
[White "Pavlogianni, Despina"]
[Black "Almer, Julia"]
[Result "1-0"]
[WhiteElo "1989"]
[BlackElo "1943"]
[PlyCount "39"]
[EventDate "2005.11.09"]
[EventType "swiss"]
[EventRounds "13"]
[EventCountry "TUR"]
[SourceTitle "CBM 109 Extra"]
[Source "ChessBase"]
[SourceDate "2006.01.03"]
[SourceVersion "2"]
[SourceVersionDate "2006.01.03"]
[SourceQuality "1"]

1. e4 e5 2. Nf3 Nc6 3. Bc4 Nf6 4. 0-0 Bc5 5. d4 exd4 6. e5 d5 7. exf6 dxc4 8. fxg7 Rg8 9. Bg5 Qd6 10. Re1+ Be6 11. Nbd2 Qd7 12. Nxc4 Rxg7 13. Bf6 Rg8 14. Ng5 Qd5 15. Qh5 Rg6 16. Ne5 Rxf6 17. Nxe6 Bd6 18. Nxc7+ Bxc7 19. Nxc6+ Qe6 20. Nxd4 1-0

[Event "Wch U20 Girls"]
[Site "Istanbul"]
[Date "2005.11.11"]
[Round "3"]
[White "Chaumont, Adeline"]
[Black "Almer, Julia"]
[Result "1-0"]
[WhiteElo "2035"]
[BlackElo "1943"]
[PlyCount "69"]
[EventDate "2005.11.09"]
[EventType "swiss"]
[EventRounds "13"]
[EventCountry "TUR"]
[SourceTitle "CBM 109 Extra"]
[Source "ChessBase"]
[SourceDate "2006.01.03"]
[SourceVersion "2"]
[SourceVersionDate "2006.01.03"]
[SourceQuality "1"]

1. d4 Nf6 2. c4 e6 3. Nf3 b6 4. Bg5 Bb7 5. Nc3 Bb4 6. Qc2 h6 7. Bd2 0-0 8. e3 Bxc3 9. Bxc3 Ne4 10. Bd3 f5 11. 0-0-0 a5 12. Be1 Na6 13. a3 Rc8 14. Qb3 c5 15. Kb1 d6 16. Rg1 Rb8 17. Nd2 Nxd2+ 18. Rxd2 Ba8 19. f3 Qg5 20. Re2 Bxf3 21. Rf2 Ba8 22. Bd2 Qe7 23. Rgf1 Qb7 24. d5 exd5 25. Bxf5 Qe7 26. cxd5 Nc7 27. e4 Bb7 28. Qg3 Bc8 29. Bh7+ Kxh7 30. Rxf8 Qxe4+ 31. Ka1 Nxd5 32. Qxd6 Ra8 33. R8f7 Nb4 34. Rxg7+ Kxg7 35. Qxh6+ 1-0